000 00582cam a2200205 4500
001 B1087
008 090401t1976 xxu||||| |||| 00| 0 eng d
035 _a(Sirsi) u42490
041 _aeng
050 _a332.6324
110 _aDebenham Tewson and Chinnocks
_93135
245 _aMoney into property : involvement in property by the financial institutions and banks 1970-1975
260 _aLondon
_bDebenham Tewson and Chinnocks
_c1976
350 _a0
650 _aINSTITUTIONAL INVESTMENT
650 _aINVESTMENT
650 _aPROPERTY
942 _n0
948 _c04/03/1997
999 _c91137
_d91137